Le roi Louis XVII et l'énigme du Temple / (Record no. 90663)

MARC details
000 -LEADER
campo de control de longitud fija 00527nam a2200181 i 4500
001 - NÚMERO DE CONTROL
campo de control 90663
003 - IDENTIFICADOR DE NÚMERO DE CONTROL
campo de control ES-MaACL
005 - FECHA Y HORA DE LA ÚLTIMA TRANSACCIÓN
campo de control 20250703062007.0
007 - CAMPO FIJO DE DESCRIPCIÓN FÍSICA--INFORMACIÓN GENERAL
campo de control de longitud fija t|
008 - DATOS DE LONGITUD FIJA--INFORMACIÓN GENERAL
campo de control de longitud fija 050124s1921 fr ||||1| fre d
100 1# - ENTRADA PRINCIPAL--NOMBRE DE PERSONA
Nombre de persona Lenôtre, G.
9 (RLIN) 71542
245 13 - MENCIÓN DEL TÍTULO
Título Le roi Louis XVII et l'énigme du Temple /
Mención de responsabilidad, etc. G. Lenotre.
260 ## - PUBLICACIÓN, DISTRIBUCIÓN, ETC.
Lugar de publicación, distribución, etc. Paris :
Nombre del editor, distribuidor, etc. Perrin,
Fecha de publicación, distribución, etc. 1921 (
Lugar de fabricación/manufactura Lagny :
Fabricante E. Grevin)
300 ## - DESCRIPCIÓN FÍSICA
Extensión 451 p. :
Otras características físicas il. ;
Dimensiones 20 cm.
600 07 - PUNTO DE ACCESO ADICIONAL DE MATERIA--NOMBRE DE PERSONA
Nombre de persona Luis
Numeración XVII,
Títulos y otros términos asociados al nombre Rey de Francia
Fuente del encabezamiento o término
9 (RLIN) 165196
852 ## - LOCALIZACIÓN
Ubicación ES-MaACL
Número de control de estantería F-2675
Holdings
Estatus retirado Estado de pérdida Estado de daño No para préstamo Biblioteca de origen Biblioteca actual Ubicación en estantería Fecha de adquisición Fuente de adquisición Total de préstamos Signatura topográfica completa Código de barras Visto por última vez Precio de reemplazo Tipo de ítem Koha
        Biblioteca del Ateneo de Madrid Biblioteca del Ateneo de Madrid Depósito 2 17/01/2008     F-2675 1094668 23/02/2023 23/02/2023 Libro impreso